000 00482nam a2200193Ia 4500
008 170918s9999 xx 000 0 und d
020 _a9780545349437
050 _bF725 2010
100 _aFormento, Alison
245 _aThis tree counts! /
245 _cby Alison Formento ; illustrated by Sarah Snow.
260 _aNew York :
260 _bScholastic,
260 _c2010
300 _aunpaged :
300 _bcolored illustration ;
300 _c21cm.
500 _a480
999 _c342825
_d342825